MARC details
| 000 -CABECERA |
| campo de control de longitud fija |
00900cam a2200253 a 4500 |
| 001 - NÚMERO DE CONTROL |
| campo de control |
000003145 |
| 005 - FECHA Y HORA DE LA ÚLTIMA TRANSACCIÓN |
| campo de control |
20200929150338.0 |
| 008 - DATOS DE LONGITUD FIJA--INFORMACIÓN GENERAL |
| campo de control de longitud fija |
691103s1970 wau b 001 0 eng |
| 040 ## - FUENTE DE LA CATALOGACIÓN |
| Centro catalogador/agencia de origen |
DO-SdBNP |
| Centro/agencia transcriptor |
DLC |
| Centro/agencia modificador |
DLC |
| 043 ## - CÓDIGO DE ÁREA GEOGRÁFICA |
| Código de área geográfica |
n-us-wa |
| 082 ## - NÚMERO DE LA CLASIFICACIÓN DECIMAL DEWEY |
| Número de clasificación |
814.9 |
| Número de documento/Ítem |
L257a |
| 049 ## - FONDOS LOCALES (OCLC) |
| Fondos de biblioteca |
BNGR |
| 245 00 - MENCIÓN DE TÍTULO |
| Título |
Landmarks of American writing / |
| Mención de responsabilidad, etc. |
Editado por Hennig Cohen. |
| 260 ## - PUBLICACIÓN, DISTRIBUCIÓN, ETC. |
| Lugar de publicación, distribución, etc. |
Washington, United States : |
| Nombre del editor, distribuidor, etc. |
Forum, |
| Fecha de publicación, distribución, etc. |
1970. |
| 300 ## - DESCRIPCIÓN FÍSICA |
| Extensión |
x,435 p. ; |
| Dimensiones |
21 cm. |
| 490 #1 - MENCIÓN DE SERIE |
| Mención de serie |
Forum Lectures |
| 500 ## - NOTA GENERAL |
| Nota general |
"Ensayos ... originalmente preparado por la Voz de América para su presentación como conferencias ... a través de su serie Forum." |
| 504 ## - NOTA DE BIBLIOGRAFÍA, ETC. |
| Nota de bibliografía, etc. |
Incluye referencias bibliográficas. |
| 650 #0 - PUNTO DE ACCESO ADICIONAL DE MATERIA--TÉRMINO DE MATERIA |
| Término de materia o nombre geográfico como elemento de entrada |
Literatura estadounidense |
| Subdivisión general |
Historia y crítica |
| 9 (RLIN) |
6786 |
| 700 1# - PUNTO DE ACCESO ADICIONAL--NOMBRE DE PERSONA |
| Nombre de persona |
Cohen, Hennig, |
| Término indicativo de función/relación |
ed. |
| 9 (RLIN) |
9922 |
| 710 2# - PUNTO DE ACCESO ADICIONAL--NOMBRE DE ENTIDAD CORPORATIVA |
| Nombre de entidad corporativa o nombre de jurisdicción como elemento de entrada |
Voz de América |
| 9 (RLIN) |
9923 |
| 830 #0 - PUNTO DE ACCESO ADICIONAL DE SERIE-TÍTULO UNIFORME |
| Título uniforme |
Forum Lectures |
| 9 (RLIN) |
9924 |
| 910 ## - DATOS DE OPCIÓN DEL USUARIO (OCLC) |
| Datos de opción del usuario |
Catalogación por copia / LC |